Score 0/20 Timer 03:00
12 Plays Today
Clue Answer % Correct
Cheat, during a game of hide & seekPEEK
87.5%
End of the pool where you're allowed to diveDEEP
86.9%
Proof of home ownershipDEED
82.4%
Father of the Olympian godsZEUS
80.9%
Turned the pool water yellow… or possibly bluePEED
80.4%
National vegetable of WalesLEEK
80%
Hang onto, like a rare trading cardKEEP
78.1%
Antelope's playmate in songDEER
76.1%
Give a dirty lookLEER
73.2%
Took to small claims courtSUED
70.7%
Clue Answer % Correct
Said 'Guilty' or 'Not guilty' in courtPLED
69%
Last name of actors Robert or OliverREED
67.6%
Projectionist's or fisherman's equipmentREEL
65.4%
'Spine' of a shipKEEL
63.7%
What 'Rosebud' turned out to be, in 'Citizen Kane'SLED
62%
Egyptian city famed for its waterwaySUEZ
59.3%
'____ ex machina' (The god in the machine)DEUS
56.4%
Vocalist Brad who sang 'More Than A Feeling' with BostonDELP
25.3%
'Runaway' singer Shannon and 'Wack MCs' rapper da Funky HomosapienDELS
23.7%
NOW: What 10-letter word
describes the list of words in the ladder?
Palindrome
9.6%

Today's Daily Dose

Remove Ads.
Support Sporcle.
Get the best of Sporcle when you Go Orange. This ad-free experience offers more features, more stats, and more fun while also helping to support Sporcle. Thank you for becoming a member.

You're not logged in!

Compare scores with friends on all Sporcle quizzes.
OR
Log In

Show Comments

Extras

Top Quizzes Today


Score Distribution

Your Account Isn't Verified!

In order to create a playlist on Sporcle, you need to verify the email address you used during registration. Go to your Sporcle Settings to finish the process.

Report this User

Report this user for behavior that violates our Community Guidelines.

Details: